Представление документа в формате MARC21

Поле Инд. ПП Название Значение
Тип записи a
Библиографический уровень m
001 Контрольный номер 9c0b9058368b4ab9a5ac2e1b87fb43ad
005 Дата корректировки 20260702131702.9
040 a Служба первич. каталог. 10013504
b Код языка каталог. rus
e Правила каталог. PSBO
041 0_ a Код языка текста rus
090 a Полочн. индекс 355
x Авторский знак К 891
r Идентификатор организации 10013504
100 1_ a Автор Кузнецов П.Г.
245 10 a Заглавие Дни боевые
250 a Основные сведения об издании 2-е изд., испр. и доп.
260 a Место издания Москва
b Издательство Воениздат
c Дата издания 1964
300 a Объем 324, [2] с., [1] л. портр.
b Иллюстрации/ тип воспроизводства ил., карт.
440 _0 a Серия Военные мемуары
653 0_ a Ключевые слова МЕМУАРЫ ВОЕННЫЕ; ВЕЛИКАЯ ОТЕЧЕСТВЕННАЯ ВОЙНА (1941-1945); ВОСПОМИНАНИЯ О ВЕЛИКОЙ ОТЕЧЕСТВЕННОЙ ВОЙНЕ
901 t Тип документа m
952 a Тип литературы для КСУ ВШ КНпР